[Event "Frankfurt Ch A 2018"]
[Site "Ffm-Höchst, BiKuZ"]
[Date "2018.06.11"]
[Round "6.31"]
[White "Kretner, Georg-Ulrich"]
[Black "Mühlbach, Christian"]
[Result "0-1"]
[WhiteElo "1850"]
[BlackElo "1641"]
[PlyCount "84"]
[EventDate "2018.??.??"]
[WhiteTeam "SC Bad Nauheim"]
[BlackTeam "SK Langen"]

1. d4 d5 2. c4 c6 3. Nf3 e6 4. e3 Nf6 5. Nc3 Be7 6. Bd3 Nbd7 7. O-O Qc7 8. e4
dxc4 9. Bxc4 O-O 10. e5 Nd5 11. Qe2 Rd8 12. Qe4 b5 13. Bd3 Nf8 14. Qg4 f5 15.
Qg3 Bd7 16. h4 Be8 17. Bh6 Bb4 18. Bg5 Rd7 19. Nxd5 Rxd5 20. a3 Ba5 21. Bc2 Bh5
22. Be3 Bb6 23. Bb3 Rd7 24. Ng5 Re8 25. Qf4 Kh8 26. Rac1 Qb7 27. f3 Ng6 28. Qh2
Bxd4 29. Bxd4 Rxd4 30. Nxe6 Rxh4 31. Qg3 Qb6+ 32. Rf2 Qe3 33. Qg5 Qxb3 34. Nxg7
Kxg7 35. Qf6+ Kg8 36. Rxc6 Qf7 37. Qg5 Rc4 38. Rf6 Qc7 39. Rxf5 Rxe5 40. Qxh5
Rc1+ 41. Rf1 Qc5+ 42. Kh2 Rxf1 0-1

[Event "Frankfurt Ch A 2018"]
[Site "Ffm-Höchst, BiKuZ"]
[Date "2018.06.11"]
[Round "6.32"]
[White "Viol, Julius"]
[Black "Makilla, Tobias"]
[Result "0-1"]
[WhiteElo "1675"]
[BlackElo "1900"]
[PlyCount "62"]
[EventDate "2018.??.??"]
[WhiteTeam "FC Bierstadt"]
[BlackTeam "SC Hattersheim"]

1. d4 d5 2. c4 Nc6 3. Nf3 Bg4 4. cxd5 Bxf3 5. gxf3 Qxd5 6. e3 e5 7. Nc3 Bb4 8.
Bd2 Bxc3 9. bxc3 exd4 10. cxd4 Nge7 11. Rc1 Qxa2 12. Bc4 Qa3 13. Bc3 Ng6 14.
Qc2 Qd6 15. f4 O-O 16. h4 Rfe8 17. h5 Nxf4 18. Kf1 Nd5 19. Qb3 Red8 20. Ba1 Na5
21. Qa2 Nxc4 22. Qxc4 Re8 23. Rb1 b6 24. Rg1 Rxe3 25. Rg5 c6 26. Rc1 Re6 27.
Re5 Rae8 28. Qa6 f6 29. Rxe6 Qxe6 30. Qc4 Qh3+ 31. Kg1 Re4 0-1

[Event "Frankfurt Ch A 2018"]
[Site "Ffm-Höchst, BiKuZ"]
[Date "2018.06.11"]
[Round "6.33"]
[White "Varma, Christopher"]
[Black "Knödler, Marcel"]
[Result "1-0"]
[WhiteElo "1816"]
[BlackElo "1672"]
[PlyCount "129"]
[EventDate "2018.??.??"]
[WhiteTeam "SC Bad Nauheim"]
[BlackTeam "FC Bierstadt"]

1. e4 c6 2. d4 d5 3. exd5 cxd5 4. c4 Nf6 5. Nc3 Nc6 6. Bg5 dxc4 7. Bxc4 Qxd4 8.
Qxd4 Nxd4 9. O-O-O e5 10. f4 Bg4 11. Nf3 Bxf3 12. gxf3 Rc8 13. fxe5 Rxc4 14.
exf6 h6 15. Rhe1+ Kd7 16. Be3 Bc5 17. Bxd4 Rxd4 18. Rxd4+ Bxd4 19. Rd1 Ke6 20.
Rxd4 Kxf6 21. Rd7 Rb8 22. Ne4+ Ke5 23. Rxf7 g5 24. Ng3 a6 25. Kd2 b5 26. Ke3
Rc8 27. Kd2 Rd8+ 28. Kc2 Rc8+ 29. Kb3 Rd8 30. Rf5+ Ke6 31. Rc5 Kd6 32. Ne4+ Ke7
33. Kc2 Rf8 34. Rc6 Rxf3 35. Rxh6 g4 36. Rxa6 Re3 37. Ng3 Rf3 38. Rh6 Rf2+ 39.
Kb3 Rf3+ 40. Kb4 Rf2 41. Ka3 Kd7 42. Rh4 Rf4 43. Rh6 Kc8 44. Ne2 Re4 45. Nc1
Rc4 46. Nd3 Re4 47. Kb3 Re3 48. Kc3 Rf3 49. Kd4 g3 50. hxg3 Rxg3 51. Rf6 Kb7
52. Nc5+ Kc7 53. b3 Rg2 54. a4 bxa4 55. Nxa4 Rg1 56. Kc4 Rg4+ 57. Kb5 Rg5+ 58.
Nc5 Rg8 59. Rc6+ Kb8 60. Kb6 Ka8 61. Nd7 Rh8 62. b4 Rg8 63. b5 Rh8 64. Ka6 Rd8
65. b6 1-0

[Event "Frankfurt Ch A 2018"]
[Site "Ffm-HÃ¶chst, BiKuZ"]
[Date "2018.06.11"]
[Round "6.34"]
[White "Senatov, Boris"]
[Black "StÃ¤rke, Karsten"]
[Result "1-0"]
[WhiteElo "1667"]
[BlackElo "1804"]
[PlyCount "54"]
[EventDate "2018.??.??"]
[WhiteTeam "SC Heusenstamm"]
[BlackTeam "SC Matt im Park"]

1. e4 e6 2. d4 d5 3. Nc3 dxe4 4. Nxe4 Nd7 5. Nf3 Ngf6 6. Bd3 Nxe4 7. Bxe4 Nf6
8. Bd3 Be7 9. O-O O-O 10. c4 b6 11. b3 Bb7 12. Bb2 c5 13. dxc5 Bxc5 14. a3 a5
15. Re1 Ng4 16. Rf1 Qc7 17. Bxh7+ Kh8 18. Ne5 f5 19. Bg6 Rad8 20. Qe2 Rf6 21.
Bh5 Rd4 22. Nxg4 fxg4 23. Bxg4 Rh6 24. h3 Re4 25. Qd2 Rxg4 26. Qxh6+ Kg8 27.
Qxe6+ Kh8 1-0

[Event "Frankfurt Ch A 2018"]
[Site "Ffm-Höchst, BiKuZ"]
[Date "2018.06.11"]
[Round "6.36"]
[White "Bergmann, Michael"]
[Black "Krischak, Werner"]
[Result "1-0"]
[WhiteElo "1787"]
[BlackElo "1649"]
[PlyCount "73"]
[EventDate "2018.??.??"]
[WhiteTeam "SF Frankfurt"]
[BlackTeam "SK Marburg"]

1. e4 c6 2. d4 d5 3. e5 Bf5 4. Ne2 e6 5. Ng3 Bg6 6. h4 h6 7. h5 Bh7 8. Bd3 Bxd3
9. cxd3 Nd7 10. Be3 f5 11. O-O Be7 12. f4 Qb6 13. Nd2 c5 14. Nb3 c4 15. dxc4
dxc4 16. Nd2 Rc8 17. Rc1 Qa6 18. d5 Bh4 19. dxe6 Qxe6 20. Qf3 Ne7 21. Ne2 Nd5
22. Nxc4 O-O 23. Nd6 Nxe3 24. Qxe3 Rxc1 25. Rxc1 b6 26. Nd4 Qd5 27. N4xf5 Bd8
28. Qg3 g5 29. fxg5 hxg5 30. Rc8 Qd1+ 31. Kf2 Qd2+ 32. Kf1 Qd1+ 33. Qe1 Qxh5
34. e6 b5 35. Rxd8 Rxd8 36. e7 Re8 37. Nxe8 1-0

[Event "Frankfurt Ch A 2018"]
[Site "Ffm-Höchst, BiKuZ"]
[Date "2018.06.11"]
[Round "6.37"]
[White "Fröhlich-Dill, Astrid"]
[Black "John, Volkmar"]
[Result "0-1"]
[WhiteElo "1786"]
[BlackElo "1611"]
[PlyCount "114"]
[EventDate "2018.??.??"]
[WhiteTeam "SV Hofheim"]
[BlackTeam "SK Herborn"]

1. d4 d5 2. Nf3 Nf6 3. Bf4 e6 4. e3 Be7 5. h3 O-O 6. Bd3 b6 7. Nc3 Bb7 8. O-O
c5 9. b3 Nc6 10. Re1 Rc8 11. dxc5 Bxc5 12. Na4 Bd6 13. Bxd6 Qxd6 14. Nd4 Rfd8
15. a3 Ne4 16. Qe2 e5 17. Nf5 Qf6 18. Bxe4 dxe4 19. Ng3 Qg6 20. Rad1 Ne7 21.
Rxd8+ Rxd8 22. Rd1 Rd6 23. Rxd6 Qxd6 24. Nc3 f5 25. Qc4+ Kf8 26. Qa4 a5 27. Qb5
g6 28. a4 Kf7 29. Qc4+ Kf6 30. Nb5 Qc6 31. Qe2 f4 32. Nf1 Nf5 33. Qd2 Qd5 34.
Qc3 Qc6 35. exf4 Qxc3 36. Nxc3 exf4 37. Ne2 g5 38. Nd2 e3 39. Nc4 Ba6 40. fxe3
Bxc4 41. bxc4 Nxe3 42. Nc3 Ke5 43. Kf2 Kd4 44. Ne2+ Kxc4 45. g3 Nxc2 46. gxf4
gxf4 47. Nxf4 Nd4 48. Ke3 Nb3 49. h4 Nc5 50. h5 Nxa4 51. h6 Nc5 52. Nh5 Kc3 53.
Nf6 a4 54. Nd5+ Kb3 55. Kd2 a3 56. Nc3 Ne4+ 57. Nxe4 a2 0-1

[Event "Frankfurt Ch A 2018"]
[Site "Ffm-Höchst, BiKuZ"]
[Date "2018.06.11"]
[Round "6.38"]
[White "Moritz, Dennis"]
[Black "Kautz, Thomas"]
[Result "1/2-1/2"]
[WhiteElo "1611"]
[BlackElo "1763"]
[PlyCount "89"]
[EventDate "2018.??.??"]
[WhiteTeam "SK Hungen"]
[BlackTeam "SK Niederbrechen"]

1. d4 g6 2. c4 Bg7 3. Nc3 Nf6 4. e4 d6 5. Nf3 O-O 6. Be2 e5 7. d5 Nbd7 8. O-O
Nc5 9. Qc2 a5 10. Ne1 Bd7 11. f3 Nh5 12. Be3 b6 13. Rb1 f5 14. Nd3 f4 15. Bf2
g5 16. b3 Nf6 17. a3 g4 18. b4 axb4 19. Nxc5 bxc3 20. Nxd7 Qxd7 21. Qxc3 gxf3
22. Bxf3 Ng4 23. Kh1 Ra5 24. Bg1 Rfa8 25. Rb3 Nh6 26. Bf2 Bf6 27. g3 Bg5 28.
Rg1 Kh8 29. gxf4 Bxf4 30. Bg3 Bxg3 31. Rxg3 Rg8 32. Bg2 Ng4 33. Kg1 Qe7 34. h3
Nf6 35. Rxg8+ Nxg8 36. Qg3 Ra8 37. Rf3 Nf6 38. Rf5 Rg8 39. Qf3 Rf8 40. Kf2 Nd7
41. Ke3 Rxf5 42. Qxf5 Qg7 43. Bf3 Qg1+ 44. Ke2 Qh2+ 45. Ke3 1/2-1/2

[Event "Frankfurt Ch A 2018"]
[Site "Ffm-Höchst, BiKuZ"]
[Date "2018.06.11"]
[Round "6.40"]
[White "Rauscher, Joachim"]
[Black "Bär, Christian"]
[Result "0-1"]
[WhiteElo "1712"]
[BlackElo "1544"]
[PlyCount "100"]
[EventDate "2018.??.??"]
[WhiteTeam "SC Brett vorm Kopp"]
[BlackTeam "SC Steinbach"]

1. e4 e5 2. Nf3 Nc6 3. Bc4 g6 4. d3 Bg7 5. Nc3 Nf6 6. Bg5 h6 7. Be3 d6 8. a3
Qe7 9. h3 Be6 10. Nd5 Qd7 11. Qd2 Bxd5 12. Bxd5 Nxd5 13. exd5 Ne7 14. c4 f5 15.
Qb4 b6 16. Bd2 O-O 17. Bc3 c5 18. Qb3 Rae8 19. O-O-O Kh7 20. h4 Rb8 21. h5 g5
22. Qc2 Kh8 23. Rde1 Rbe8 24. Re2 Rf7 25. Rhe1 f4 26. Kb1 Qf5 27. Rh1 Qd7 28.
Re4 Nf5 29. Qe2 Rfe7 30. Rc1 Kg8 31. Nh2 Rf8 32. Nf3 Rfe8 33. Qf1 Rf8 34. Qh1
Qe8 35. Qh3 Qf7 36. Qg4 Rb7 37. Rh1 Kh7 38. Rhe1 b5 39. Bxe5 dxe5 40. Nxe5 Qf6
41. R1e2 Nd6 42. Nd7 Rxd7 43. Qxd7 Nxe4 44. dxe4 Qd4 45. Rc2 bxc4 46. Qe6 Rb8
47. e5 c3 48. Qd6 Qd1+ 49. Ka2 Rb6 50. Qd7 Qxc2 0-1

[Event "Frankfurt Ch A 2018"]
[Site "Ffm-Höchst, BiKuZ"]
[Date "2018.06.11"]
[Round "6.41"]
[White "Saluvar, Bülent"]
[Black "Weiland, Thomas"]
[Result "0-1"]
[WhiteElo "1600"]
[BlackElo "1697"]
[PlyCount "118"]
[EventDate "2018.??.??"]
[WhiteTeam "SC Münster"]
[BlackTeam "SV Oberursel"]

1. d4 e6 2. e3 d5 3. c4 Nf6 4. Nf3 Bb4+ 5. Bd2 Bxd2+ 6. Nbxd2 O-O 7. Bd3 h6 8.
Rc1 c6 9. O-O Nbd7 10. Re1 Re8 11. b4 e5 12. dxe5 Nxe5 13. Nxe5 Rxe5 14. Nf3
Re8 15. Nd4 a5 16. b5 c5 17. Nb3 b6 18. cxd5 Nxd5 19. Qf3 Be6 20. Red1 Qf6 21.
Qxf6 Nxf6 22. Be2 Rad8 23. Kf1 Bg4 24. h3 Bxe2+ 25. Kxe2 Ne4 26. Nd2 Nxd2 27.
Rxd2 Rxd2+ 28. Kxd2 Rd8+ 29. Kc3 Kf8 30. Rc2 Ke7 31. Kc4 Ke6 32. f4 Kf5 33. Re2
Ke4 34. h4 Rd3 35. f5 Rxe3 36. Rd2 Kxf5 37. Rd7 Kf6 38. g4 g5 39. hxg5+ hxg5
40. Rb7 Re6 41. Kd5 Re5+ 42. Kd6 c4 43. Rc7 Rxb5 44. Rxc4 Rb2 45. a4 b5 46.
axb5 Rxb5 47. Rc1 Rb4 48. Ra1 a4 49. Rg1 a3 50. Kc5 Rf4 51. Ra1 Rxg4 52. Rxa3
Ke5 53. Re3+ Re4 54. Rd3 f5 55. Rd5+ Kf4 56. Rd8 g4 57. Kd5 g3 58. Rg8 Re1 59.
Kd4 Kf3 0-1

[Event "Frankfurt Ch A 2018"]
[Site "Ffm-Höchst, BiKuZ"]
[Date "2018.06.11"]
[Round "6.42"]
[White "Kuckel, Michael"]
[Black "Both, Günter"]
[Result "1-0"]
[WhiteElo "1696"]
[BlackElo "1523"]
[PlyCount "77"]
[EventDate "2018.??.??"]
[WhiteTeam "SC Matt im Park"]
[BlackTeam "SK Bischofsheim"]

1. d4 d5 2. Nf3 Nf6 3. e3 e6 4. Bd3 c5 5. c3 c4 6. Bc2 Nc6 7. Nbd2 b5 8. e4
dxe4 9. Nxe4 Nd5 10. O-O Bd7 11. Qe2 Be7 12. Ne5 O-O 13. f4 Qc7 14. Qh5 f5 15.
Ng5 Bxg5 16. Qxg5 Rf6 17. Bd2 Nxe5 18. fxe5 Rg6 19. Qh4 Bc6 20. Rf2 Qb7 21. g3
Rf8 22. Bd1 f4 23. Bc2 Rh6 24. Qg5 f3 25. Raf1 Ne7 26. Qg4 Nf5 27. Bxh6 Nxh6
28. Qxe6+ Kh8 29. Qd6 Re8 30. e6 Ng4 31. Re1 Nxf2 32. Kxf2 g6 33. e7 Qd7 34.
Qxd7 Bxd7 35. d5 Kg7 36. d6 Bc6 37. Be4 Bxe4 38. Rxe4 Kf7 39. Kxf3 1-0

[Event "Frankfurt Ch A 2018"]
[Site "Ffm-Höchst, BiKuZ"]
[Date "2018.06.11"]
[Round "6.44"]
[White "Hagel, Stephan"]
[Black "Steiz, Johann"]
[Result "0-1"]
[WhiteElo "1548"]
[BlackElo "1681"]
[PlyCount "32"]
[EventDate "2018.??.??"]
[WhiteTeam "SK Hungen"]
[BlackTeam "SV Dormagen"]

1. e4 e6 2. d3 d5 3. Nd2 Nf6 4. Ngf3 Bc5 5. d4 Bb6 6. e5 Nfd7 7. Bd3 c5 8. c3
Nc6 9. dxc5 Nxc5 10. Bc2 Nd7 11. Qe2 Bc7 12. c4 Ndxe5 13. cxd5 Qxd5 14. Be4 Qd6
15. O-O Nxf3+ 16. Nxf3 Nd4 0-1

[Event "Frankfurt Ch A 2018"]
[Site "Ffm-Höchst, BiKuZ"]
[Date "2018.06.11"]
[Round "6.45"]
[White "Fischer, Lutz"]
[Black "Lemonidis, Christos"]
[Result "1/2-1/2"]
[WhiteElo "1533"]
[BlackElo "1739"]
[PlyCount "59"]
[EventDate "2018.??.??"]
[WhiteTeam "SF Frankfurt"]
[BlackTeam "SC Nied"]

1. e4 g6 2. d4 Bg7 3. Nc3 d6 4. Be3 Nf6 5. Qd2 Nc6 6. Bb5 Bd7 7. a3 Ng4 8. Bxc6
bxc6 9. Bg5 f6 10. Bf4 e5 11. dxe5 dxe5 12. Bg3 Qe7 13. f3 Nh6 14. Bf2 Nf7 15.
Nge2 O-O 16. O-O Ng5 17. Na4 Ne6 18. Qa5 Rfb8 19. Rfd1 Bf8 20. Kh1 Be8 21. Rd3
Rb5 22. Qd2 a5 23. Nec3 Rbb8 24. Rd1 Rd8 25. Qe1 Rxd3 26. Rxd3 Rd8 27. Qd1 Rxd3
28. Qxd3 Qd8 29. Qxd8 Nxd8 30. Nc5 1/2-1/2

[Event "Frankfurt Ch A 2018"]
[Site "Ffm-Höchst, BiKuZ"]
[Date "2018.06.11"]
[Round "6.47"]
[White "Stoll, Ulrich"]
[Black "Waschke, Thomas"]
[Result "1-0"]
[WhiteElo "1701"]
[BlackElo "1531"]
[PlyCount "73"]
[EventDate "2018.??.??"]
[WhiteTeam "Bad Vilbeler Sfr"]
[BlackTeam "SC Bergen-Enkheim"]

1. e4 d5 2. exd5 Nf6 3. Nc3 e6 4. Bb5+ c6 5. dxc6 bxc6 6. Ba4 Bb7 7. Nf3 Bc5 8.
d4 Bd6 9. O-O O-O 10. Bg5 Be7 11. Re1 Nbd7 12. Ne5 Rb8 13. Bxc6 Nxe5 14. dxe5
Bxc6 15. exf6 Bxf6 16. Qxd8 Rfxd8 17. Bxf6 gxf6 18. b3 Rd2 19. Re2 Rbd8 20.
Rxd2 Rxd2 21. Rc1 Kg7 22. Kf1 Rd8 23. Ne2 Be4 24. f3 Bb7 25. c4 Kf8 26. Ke1 Ke7
27. Rd1 Rxd1+ 28. Kxd1 Kd6 29. Kd2 Ke5 30. Ke3 f5 31. a3 f6 32. Nf4 Bc6 33. Nh5
Be8 34. f4+ Kd6 35. Nxf6 Bg6 36. Kd4 a5 37. b4 1-0

[Event "Frankfurt Ch A 2018"]
[Site "Ffm-Höchst, BiKuZ"]
[Date "2018.06.11"]
[Round "6.48"]
[White "Friedel, Thomas"]
[Black "Wagner, Günter"]
[Result "1-0"]
[WhiteElo "1496"]
[BlackElo "1687"]
[PlyCount "93"]
[EventDate "2018.??.??"]
[WhiteTeam "SV Groß-Gerau"]
[BlackTeam "SV Groß-Gerau"]

1. e4 d6 2. d4 Nf6 3. Nc3 g6 4. Nf3 Bg7 5. Be2 O-O 6. O-O Na6 7. h3 c5 8. Bxa6
bxa6 9. dxc5 Bb7 10. cxd6 exd6 11. Bg5 Qc7 12. Re1 Rfe8 13. Qd3 h6 14. Bf4 Rad8
15. Rad1 Nh5 16. Bxd6 Qb6 17. Na4 Qc6 18. Nc5 Bf8 19. Nxb7 Qxb7 20. e5 Qxb2 21.
Qb3 Qxb3 22. axb3 Bxd6 23. Rxd6 Rxd6 24. exd6 Rxe1+ 25. Nxe1 Nf6 26. c4 Kf8 27.
c5 Ke8 28. Nd3 Nd7 29. Kf1 f6 30. Ke2 a5 31. Ke3 Nb8 32. Kd4 Kd7 33. Kd5 Nc6
34. Nf4 g5 35. Nd3 a6 36. f4 Na7 37. fxg5 hxg5 38. g3 Nc6 39. h4 Nb4+ 40. Nxb4
axb4 41. h5 a5 42. h6 a4 43. c6+ Ke8 44. h7 axb3 45. h8=Q+ Kf7 46. Qh7+ Kf8 47.
c7 1-0

[Event "Frankfurt Ch A 2018"]
[Site "Ffm-Höchst, BiKuZ"]
[Date "2018.06.11"]
[Round "6.49"]
[White "Ketting, Douwe"]
[Black "Björknes, Uwe"]
[Result "1-0"]
[WhiteElo "1387"]
[BlackElo "1616"]
[PlyCount "38"]
[EventDate "2018.??.??"]
[WhiteTeam "SC Somborn"]
[BlackTeam "SK Bad Homburg"]

1. b4 b5 2. e3 a5 3. Bxb5 axb4 4. Bb2 Nf6 5. Nf3 Ba6 6. Bxa6 Nxa6 7. a3 e6 8.
axb4 Nxb4 9. O-O Be7 10. Ba3 c5 11. c3 Nc6 12. d4 O-O 13. Qc2 d5 14. Nbd2 Qc7
15. e4 cxd4 16. Bxe7 Nxe7 17. Nxd4 e5 18. Ne2 d4 19. Qd3 Ne8 1-0

[Event "Frankfurt Ch A 2018"]
[Site "Ffm-Höchst, BiKuZ"]
[Date "2018.06.11"]
[Round "6.50"]
[White "Schlumbohm, Nils"]
[Black "Markulic, Petar"]
[Result "1/2-1/2"]
[WhiteElo "1581"]
[BlackElo "1502"]
[PlyCount "48"]
[EventDate "2018.??.??"]
[WhiteTeam "FV Berkersheim"]
[BlackTeam "SF Frankfurt"]

1. Nf3 e6 2. c4 Nc6 3. Nc3 Nf6 4. d4 d5 5. Bg5 Be7 6. e3 a6 7. Rc1 h6 8. Bh4 g5
9. Bg3 Bd6 10. Bd3 Bd7 11. O-O Qe7 12. e4 Bxg3 13. fxg3 dxe4 14. Nxe4 Nxe4 15.
Bxe4 O-O-O 16. a3 f5 17. Bxc6 Bxc6 18. Ne5 Be8 19. b4 Qd6 20. Qe2 Qxd4+ 21. Kh1
Bh5 22. g4 Bxg4 23. Nxg4 fxg4 24. Qxe6+ Kb8 1/2-1/2

[Event "Frankfurt Ch A 2018"]
[Site "Ffm-Höchst, BiKuZ"]
[Date "2018.06.11"]
[Round "6.52"]
[White "Wich, Manuela"]
[Black "Winter, Olaf"]
[Result "0-1"]
[WhiteElo "1469"]
[BlackElo "1646"]
[PlyCount "70"]
[EventDate "2018.??.??"]
[WhiteTeam "Niederräder TG"]
[BlackTeam "SK Bad Homburg"]

1. e4 c5 2. Nc3 Nc6 3. f4 e6 4. Nf3 g6 5. Bb5 Nge7 6. O-O Bg7 7. Kh1 a6 8. Be2
b5 9. a3 Bb7 10. d3 d5 11. f5 d4 12. Nb1 exf5 13. exf5 Nxf5 14. Qe1 O-O 15. Ng5
Bh6 16. Ne4 Bxc1 17. Qxc1 Ne3 18. Rf2 Qe7 19. Nf6+ Kg7 20. Nd2 Ne5 21. Nde4
Rac8 22. Rb1 c4 23. Qd2 Bxe4 24. dxe4 Rcd8 25. Nd5 Nxd5 26. exd5 Rxd5 27. Rbf1
f5 28. Bf3 Nxf3 29. Rxf3 Rfd8 30. Qf2 d3 31. Re3 Qc5 32. cxd3 Rxd3 33. Rfe1
Rxe3 34. h3 Rxh3+ 35. Kg1 Rh1+ 0-1

[Event "Frankfurt Ch A 2018"]
[Site "Ffm-Höchst, BiKuZ"]
[Date "2018.06.11"]
[Round "6.53"]
[White "Leichum, Engelbert"]
[Black "Klikic, Drazen"]
[Result "0-1"]
[WhiteElo "1619"]
[BlackElo "1476"]
[PlyCount "70"]
[EventDate "2018.??.??"]
[WhiteTeam "vereinslos"]
[BlackTeam "SC Nied"]

1. e4 e5 2. Bc4 Nc6 3. Nf3 Bc5 4. O-O Nf6 5. d4 Bxd4 6. Qe2 d6 7. a4 O-O 8. c3
Bb6 9. b4 a5 10. b5 Ne7 11. Bg5 Ng6 12. Qc2 h6 13. Be3 Bxe3 14. fxe3 Be6 15.
Nbd2 Ng4 16. Rfe1 Nh4 17. Bd5 Bxd5 18. exd5 f5 19. h3 Nxf3+ 20. gxf3 Nxe3 21.
Rxe3 Qg5+ 22. Kf2 f4 23. Ree1 Qg3+ 24. Ke2 Qg2+ 25. Kd3 Qxh3 26. Rh1 Qf5+ 27.
Ne4 c6 28. bxc6 bxc6 29. c4 cxd5 30. cxd5 Rac8 31. Qf2 Qf7 32. Nxd6 Qxd5+ 33.
Ke2 Rc2+ 34. Kf1 Rxf2+ 35. Kxf2 Qxd6 0-1

[Event "Frankfurt Ch A 2018"]
[Site "Ffm-Höchst, BiKuZ"]
[Date "2018.06.11"]
[Round "6.54"]
[White "Popp, Matthias"]
[Black "Manasek, Martin"]
[Result "1-0"]
[WhiteElo "1516"]
[BlackElo "1457"]
[PlyCount "63"]
[EventDate "2018.??.??"]
[WhiteTeam "SC Bergen-Enkheim"]
[BlackTeam "Bad Vilbeler Sfr"]

1. Nf3 d5 2. d4 e6 3. Bf4 c5 4. e3 Nc6 5. c3 Bd6 6. Ne5 cxd4 7. exd4 Nf6 8. Nd2
O-O 9. Bd3 Ne8 10. Qh5 f5 11. Ndf3 Nf6 12. Qh3 Be7 13. Rg1 Nxe5 14. Nxe5 Ne4
15. f3 Ng5 16. Qh5 Qe8 17. Qxe8 Rxe8 18. O-O-O a6 19. h4 Nf7 20. h5 Nxe5 21.
Bxe5 b5 22. g4 fxg4 23. Rxg4 Bf8 24. Rdg1 Ra7 25. Kc2 Rf7 26. f4 Rd8 27. Be2 h6
28. Rg6 Kh7 29. Bd3 Rf5 30. Bxf5 exf5 31. Rxg7+ Bxg7 32. Rxg7+ 1-0

[Event "Frankfurt Ch A 2018"]
[Site "Ffm-Höchst, BiKuZ"]
[Date "2018.06.11"]
[Round "6.55"]
[White "Gade, Bernt"]
[Black "Nutolo, Dominique"]
[Result "1-0"]
[WhiteElo "1495"]
[BlackElo "1139"]
[PlyCount "63"]
[EventDate "2018.??.??"]
[WhiteTeam "FV Berkersheim"]
[BlackTeam "SF Frankfurt"]

1. e4 e5 2. Nf3 Nc6 3. Bb5 Nf6 4. O-O Bc5 5. c3 a6 6. Bxc6 bxc6 7. Nxe5 Qe7 8.
d4 Bd6 9. Nc4 Nxe4 10. Re1 O-O 11. Nxd6 cxd6 12. f3 d5 13. fxe4 dxe4 14. Bf4
Re8 15. Qg4 Qf6 16. Re3 d5 17. Qg5 Re6 18. Nd2 Qxg5 19. Bxg5 Rg6 20. Bf4 Rg4
21. Rf1 Ra7 22. Nb3 a5 23. Nc5 a4 24. Bd6 Rg6 25. Be5 a3 26. b3 h6 27. h3 Re7
28. Kh2 Kh7 29. Rg3 Rxg3 30. Kxg3 g5 31. Rf6 Bd7 32. Bd6 1-0

[Event "Frankfurt Ch A 2018"]
[Site "Ffm-Höchst, BiKuZ"]
[Date "2018.06.11"]
[Round "6.56"]
[White "Bernhardt, Winfried"]
[Black "Schneider, Till"]
[Result "1-0"]
[WhiteElo "1463"]
[BlackElo "1371"]
[PlyCount "77"]
[EventDate "2018.??.??"]
[WhiteTeam "SV Nauheim"]
[BlackTeam "SC Nied"]

1. e4 d5 2. exd5 Nf6 3. Nc3 Nxd5 4. Nxd5 Qxd5 5. c4 Qa5 6. Nf3 Bg4 7. Be2 Nd7
8. O-O c5 9. d4 e6 10. d5 Bd6 11. dxe6 Qc7 12. exd7+ Bxd7 13. Qd3 O-O-O 14. Qc3
h5 15. h3 Rdf8 16. Bg5 f6 17. Bh4 g5 18. Bg3 Bxg3 19. fxg3 Qxg3 20. Nd2 Qh4 21.
Nf3 Qg3 22. Nh2 Qh4 23. Qe3 g4 24. Rf4 Qg5 25. h4 Qxh4 26. Qxc5+ Bc6 27. Bf3
Qg3 28. Qf5+ Bd7 29. Qc5+ Bc6 30. Rd4 gxf3 31. Qf5+ Kb8 32. Nxf3 Ka8 33. Qf4
Qg7 34. Nh4 Rfg8 35. Rd2 f5 36. Rad1 Be4 37. Nxf5 Qg4 38. Qxg4 Rxg4 39. Rd8+
1-0

[Event "Frankfurt Ch A 2018"]
[Site "Ffm-Höchst, BiKuZ"]
[Date "2018.06.11"]
[Round "6.57"]
[White "Hedrich, Gerd"]
[Black "Stulken, Dietmar"]
[Result "1/2-1/2"]
[WhiteElo "1284"]
[BlackElo "1328"]
[PlyCount "85"]
[EventDate "2018.??.??"]
[WhiteTeam "Wiesbadener SV"]
[BlackTeam "SF Frankfurt"]

1. Nf3 d5 2. c4 d4 3. b4 f6 4. g3 e5 5. d3 Bxb4+ 6. Nbd2 Nc6 7. Bg2 Nge7 8. O-O
O-O 9. Ne4 Bf5 10. Nfd2 b6 11. a3 Ba5 12. Nb3 Rb8 13. Nxa5 Nxa5 14. a4 c5 15.
Bd2 Nec6 16. Rb1 Qd7 17. f4 Bh3 18. Nf2 Bxg2 19. Kxg2 Qf7 20. h4 Qg6 21. Rh1
exf4 22. Bxf4 Rbe8 23. h5 Qf5 24. Rh4 Qe6 25. Rb2 Ne5 26. Kf1 f5 27. Bxe5 Qxe5
28. Rf4 Qe3 29. Kg2 Re6 30. Qf1 Rh6 31. Ng4 Qe6 32. Nxh6+ Qxh6 33. Rxf5 Re8 34.
Qf3 Qc1 35. Qd5+ Kh8 36. Qf7 Rg8 37. Rb5 Qe3 38. Rf2 Nc6 39. Qf3 Qe6 40. Qd5
Qe8 41. Rb2 Ne5 42. Rf4 Nd7 43. Re4 1/2-1/2

[Event "Frankfurt Ch B 2018"]
[Site "Ffm-Höchst, BiKuZ"]
[Date "2018.06.11"]
[Round "6.1"]
[White "Arnold, Jan"]
[Black "Krehl, Collin"]
[Result "1/2-1/2"]
[WhiteElo "1318"]
[BlackElo "1462"]
[PlyCount "74"]
[EventDate "2018.??.??"]
[WhiteTeam "SC Frankfurt-West"]
[BlackTeam "SV Kelsterbach"]

1. e4 c5 2. Nc3 Nc6 3. f4 e6 4. Bc4 a6 5. a4 b6 6. Nf3 Bb7 7. O-O h6 8. Qe1
Nge7 9. d3 Qc7 10. Qg3 O-O-O 11. Ne5 Nxe5 12. fxe5 f6 13. exf6 Qxg3 14. hxg3
gxf6 15. Rxf6 Bg7 16. Rf7 Bd4+ 17. Kf1 Rdf8 18. Rf3 d5 19. exd5 exd5 20. Ba2
Rhg8 21. Ne2 Be5 22. Bf4 Bxf4 23. Rxf4 Rxf4+ 24. gxf4 Nf5 25. Kf2 c4 26. dxc4
dxc4 27. g3 b5 28. Rg1 Re8 29. Re1 Ne3 30. axb5 axb5 31. Bb1 Ng4+ 32. Kf1 Nh2+
33. Kf2 Ng4+ 34. Kf1 Re3 35. c3 Nh2+ 36. Kf2 Ng4+ 37. Kg1 Bf3 1/2-1/2

[Event "Frankfurt Ch B 2018"]
[Site "Ffm-Höchst, BiKuZ"]
[Date "2018.06.11"]
[Round "6.3"]
[White "Müller, Christian"]
[Black "Grimm, Heinz-Peter"]
[Result "0-1"]
[WhiteElo "1328"]
[BlackElo "1402"]
[PlyCount "84"]
[EventDate "2018.??.??"]
[WhiteTeam "FV Berkersheim"]
[BlackTeam "vereinslos"]

1. d4 d5 2. c4 e6 3. Nc3 Nf6 4. Bg5 Be7 5. e3 O-O 6. cxd5 exd5 7. Bd3 c6 8. Qc2
Nbd7 9. Nge2 Re8 10. O-O Qc7 11. Bf4 Bd6 12. Bxd6 Qxd6 13. e4 dxe4 14. Nxe4
Nxe4 15. Bxe4 Nf6 16. f3 Nxe4 17. fxe4 Qg6 18. Ng3 Bd7 19. Rad1 Rad8 20. Qb3
Bc8 21. Rfe1 h5 22. e5 h4 23. Ne4 Be6 24. Qc2 Bf5 25. b4 Rd5 26. Qe2 Bg4 27.
Qf2 Bxd1 28. Nd6 Re7 29. Qxh4 Bf3 30. g3 Rd7 31. Qf4 Bg4 32. Rf1 Be6 33. Kg2
Qg4 34. Qe3 Rxd4 35. Qf2 R4xd6 36. exd6 Rxd6 37. Re1 Bd5+ 38. Kg1 Qf3 39. Re8+
Kh7 40. Qc2+ g6 41. Qb2 Qh1+ 42. Kf2 Qg2+ 0-1

[Event "Frankfurt Ch B 2018"]
[Site "Ffm-Höchst, BiKuZ"]
[Date "2018.06.11"]
[Round "6.4"]
[White "Klein, Simon"]
[Black "Goodwin, David"]
[Result "0-1"]
[WhiteElo "1232"]
[BlackElo "1371"]
[PlyCount "80"]
[EventDate "2018.??.??"]
[WhiteTeam "SK Hungen"]
[BlackTeam "SV Kelsterbach"]

1. d4 Nf6 2. Bf4 g6 3. Nc3 d6 4. e4 a6 5. a4 Bg7 6. h4 h6 7. Nf3 Bg4 8. Be2 Nh5
9. Be3 Nd7 10. Nd2 Bxe2 11. Qxe2 e5 12. d5 Nf4 13. Qf3 Qe7 14. Bxf4 exf4 15.
Qxf4 f5 16. O-O-O Be5 17. Qf3 Rf8 18. Qd3 Nc5 19. Qe2 Bxc3 20. bxc3 Nxa4 21.
Qc4 Nb6 22. Qd3 O-O-O 23. exf5 gxf5 24. Rde1 Qd7 25. Re6 Qa4 26. Kb2 Qf4 27.
Qe2 Na4+ 28. Kb3 Nc5+ 29. Kb2 Nxe6 30. dxe6 Rfe8 31. e7 Rd7 32. Qe6 Rexe7 33.
Qg8+ Rd8 34. Qg6 Qxd2 35. Qxf5+ Kb8 36. Ra1 Re5 37. Qf3 Rb5+ 38. Ka3 Qxc2 39.
c4 Qb2+ 40. Ka4 Qb4# 0-1

[Event "Frankfurt Ch B 2018"]
[Site "Ffm-Höchst, BiKuZ"]
[Date "2018.06.11"]
[Round "6.5"]
[White "Pessotschinski, Eduard"]
[Black "Mayer, Rolf"]
[Result "1-0"]
[WhiteElo "1312"]
[BlackElo "1361"]
[PlyCount "120"]
[EventDate "2018.??.??"]
[WhiteTeam "TuS Makkabi"]
[BlackTeam "SC Flörsheim"]

1. e4 d6 2. d4 Nf6 3. Nc3 g6 4. Nf3 Bg7 5. e5 dxe5 6. dxe5 Qxd1+ 7. Nxd1 Ng4 8.
Bf4 c6 9. h3 Nh6 10. Ne3 Nf5 11. O-O-O Nxe3 12. Bxe3 O-O 13. g4 Nd7 14. Bd4 Nb6
15. Bd3 Be6 16. Kb1 Bd5 17. Be2 Nc4 18. Rhg1 Bxf3 19. Bxf3 Bxe5 20. Be2 Bxd4
21. Rxd4 Nd6 22. Re1 Rfe8 23. Bf3 Kf8 24. c4 Rab8 25. c5 Nc8 26. Rd7 e6 27. Re4
Ne7 28. Rb4 b6 29. Rxa7 bxc5 30. Rc4 Red8 31. Kc2 Rd6 32. Rxc5 Rbd8 33. Kb3
Rd3+ 34. Rc3 Rd2 35. Bxc6 Rb8+ 36. Rb7 Rxb7+ 37. Bxb7 Rxf2 38. a4 e5 39. a5 Rf6
40. a6 Rb6+ 41. Ka3 Rb5 42. Rc4 Nd5 43. a7 Nb6 44. a8=Q+ Nxa8 45. Bxa8 f5 46.
gxf5 gxf5 47. Bc6 Ra5+ 48. Ra4 Rxa4+ 49. Kxa4 e4 50. Kb4 e3 51. Kc3 f4 52. Bf3
Kf7 53. Kd3 Kf6 54. Ke4 Kg5 55. b4 Kh4 56. b5 Kxh3 57. b6 Kg3 58. b7 e2 59.
Bxe2 f3 60. b8=Q+ Kf2 1-0